Обеспечение безопасности жизнедеятельности: учебное пособие; В 2 кн.
| Autor Principal: | |
|---|---|
| Idioma: | ruso |
| Publicado: |
Москва, Высшая школа, 2004
|
| Formato: | Libro |
| KOHA link: | https://koha.lib.tpu.ru/cgi-bin/koha/opac-detail.pl?biblionumber=67886 |
MARC
| LEADER | 00000nam1a2200000 4500 | ||
|---|---|---|---|
| 001 | 67886 | ||
| 005 | 20231031074227.0 | ||
| 010 | |a 5060047377 | ||
| 035 | |a (RuTPU)RU\TPU\book\72281 | ||
| 090 | |a 67886 | ||
| 100 | |a 20040927d2004 m y0rusy50 ca | ||
| 101 | 0 | |a rus | |
| 102 | |a RU | ||
| 200 | 1 | |a Обеспечение безопасности жизнедеятельности |e учебное пособие |e В 2 кн. |f В. Ю. Микрюков | |
| 210 | |a Москва |c Высшая школа |d 2004 | ||
| 700 | 1 | |a Микрюков |b В. Ю. |g Василий Юрьевич | |
| 801 | 1 | |a RU |b 63413507 |c 20040927 |g PSBO | |
| 801 | 2 | |a RU |b 63413507 |c 20060520 |g PSBO | |
| 942 | |c BK | ||